000
00251nam a2200109Ia 4500
008
190216s9999||||xx |||||||||||||| ||und||
100
_a
William Gold Man
245
2
_a
A Key To The Site
260
_b
Pan Books London
650
_a
English
942
_c
BK
999
_c
12773
_d
12773